Vision Inlet Eductaion-8 (Record no. 3380)

MARC details
000 -LEADER
fixed length control field 00265nam a22000977a 4500
008 - FIXED-LENGTH DATA ELEMENTS--GENERAL INFORMATION
fixed length control field 160924b xxu||||| |||| 00| 0 eng d
020 ## - INTERNATIONAL STANDARD BOOK NUMBER
International Standard Book Number 9788189932886
100 ## - MAIN ENTRY--PERSONAL NAME
9 (RLIN) 723
Personal name Seth.C.K.etal
245 ## - TITLE STATEMENT
Title Vision Inlet Eductaion-8
260 ## - PUBLICATION, DISTRIBUTION, ETC. (IMPRINT)
Place of publication, distribution, etc. New Delhi
Name of publisher, distributor, etc. Prachi Publications
Date of publication, distribution, etc. 2012
Holdings
Withdrawn status Lost status Source of classification or shelving scheme Damaged status Koha normalized classification for sorting Not for loan Home library Current library Shelving location Date acquired Total Checkouts Full call number Barcode Date last seen Date last checked out Price effective from Koha item type
    Dewey Decimal Classification   SET_004_000000000000000_D10   Good Samaritan School Library Good Samaritan School Library Computer Science 09/24/2016 1 SET004 D-10 SET9805 08/09/2018 08/08/2018 09/24/2016 BOOK

Powered by Koha